Follow-uo survey for silica sand in the paitan area,northeastern Sabah,Sevent Malaysia plan Industrial Mineral Assessment Project Sabah (Rak E10) (Record no. 27222)

000 -LEADER
fixed length control field 00489nam a22001217a 4500
008 - FIXED-LENGTH DATA ELEMENTS--GENERAL INFORMATION
fixed length control field 260423t1999 eng 000 0 eng
100 ## - MAIN ENTRY--PERSONAL NAME
Fuller form of name Paulus Godwin / Yusari hj Basiran / Alexander s.w.yan
245 ## - TITLE STATEMENT
Title Follow-uo survey for silica sand in the paitan area,northeastern Sabah,Sevent Malaysia plan Industrial Mineral Assessment Project Sabah (Rak E10)
250 ## - EDITION STATEMENT
Edition statement SB/IM/99/1
260 ## - PUBLICATION, DISTRIBUTION, ETC.
Place of publication, distribution, etc. Kuala Lumpur
Name of publisher, distributor, etc. Jabatan Mineral & Geosains Malaysia
Date of publication, distribution, etc. 1999
300 ## - PHYSICAL DESCRIPTION
Extent ill.60p.22.30
942 ## - ADDED ENTRY ELEMENTS (KOHA)
Source of classification or shelving scheme

No items available.